Slipknot - piosenki - Statystyki

Ogólne statystyki
  • Ten quiz został rozwiązany 107 razy
  • Średni wynik to 31 z 97
Statystyki odpowiedzi
Album Piosenka % Poprawnych
Slipknot Eyeless
81%
All Hope Is Gone Psychosocial
76%
Slipknot (sic)
74%
Vol. 3: (The Subliminal Verses) Duality
73%
Slipknot Wait and Bleed
71%
Iowa People = Shit
68%
.5: The Gray Chapter The Devil In I
68%
Vol. 3: (The Subliminal Verses) Before I Forget
60%
Iowa Iowa
60%
Slipknot Spit It Out
60%
.5: The Gray Chapter Custer
58%
We Are Not Your Kind Nero Forte
58%
Vol. 3: (The Subliminal Verses) Vermilion
58%
Slipknot Scissors
55%
Vol. 3: (The Subliminal Verses) Vermilion Pt. 2
55%
All Hope Is Gone Snuff
53%
Slipknot Surfacing
53%
Iowa Left Behind
52%
We Are Not Your Kind Unsainted
52%
All Hope Is Gone All Hope Is Gone
48%
Iowa Disasterpiece
48%
All Hope Is Gone Dead Memories
47%
.5: The Gray Chapter Killpop
47%
Iowa (515)
45%
All Hope Is Gone Sulfur
45%
Iowa My Plague
44%
Slipknot Purity
42%
The End, So Far The Dying Song (Time To Sing)
40%
The End, So Far Yen
40%
Slipknot Diluted
35%
Slipknot Tattered and Torn
35%
Iowa The Heretic Anthem
35%
Vol. 3: (The Subliminal Verses) The Blister Exists
34%
Vol. 3: (The Subliminal Verses) Circle
32%
Slipknot Eeyore
32%
Slipknot Liberate
32%
.5: The Gray Chapter XIX
32%
All Hope Is Gone Gehenna
31%
Slipknot No Life
31%
Slipknot Only One
29%
Vol. 3: (The Subliminal Verses) Pulse of the Maggots
29%
Slipknot 742617000027
27%
The End, So Far Adderall
27%
We Are Not Your Kind Insert Coin
27%
Iowa New Abortion
27%
Vol. 3: (The Subliminal Verses) Opium of the People
27%
We Are Not Your Kind Solway Firth
27%
All Hope Is Gone Vendetta
27%
All Hope Is Gone Butcher's Hook
26%
All Hope Is Gone .eXecute.
26%
All Hope Is Gone Gematria (The Killing Name)
26%
The End, So Far Hive Mind
26%
.5: The Gray Chapter Lech
26%
.5: The Gray Chapter The Negative One
26%
Iowa The Shape
26%
.5: The Gray Chapter AOV
24%
Iowa Everything Ends
24%
The End, So Far Finale
24%
Iowa Gently
24%
We Are Not Your Kind Orphan
24%
Vol. 3: (The Subliminal Verses) Prelude 3.0
24%
.5: The Gray Chapter Skeptic
24%
singel spoza albumów All Out Life
23%
Slipknot Prosthetics
23%
Iowa Skin Ticket
23%
Vol. 3: (The Subliminal Verses) The Nameless
23%
We Are Not Your Kind Death Because of Death
21%
Vol. 3: (The Subliminal Verses) Three Nil
21%
Iowa Metabolic
19%
We Are Not Your Kind Spiders
19%
The End, So Far The Chapeltown Rag
19%
Vol. 3: (The Subliminal Verses) Welcome
19%
The End, So Far Acidic
18%
Vol. 3: (The Subliminal Verses) Danger - Keep Away
18%
The End, So Far De Sade
18%
Iowa I Am Hated
16%
We Are Not Your Kind Red Flag
16%
All Hope Is Gone Wherein Lies Continue
16%
We Are Not Your Kind A Liar's Funeral
15%
.5: The Gray Chapter Goodbye
15%
The End, So Far H377
15%
The End, So Far Heirloom
15%
.5: The Gray Chapter If Rain Is What You Want
15%
.5: The Gray Chapter Nomadic
15%
.5: The Gray Chapter Sarcastrophe
15%
Vol. 3: (The Subliminal Verses) The Virus of Life
15%
All Hope Is Gone This Cold Black
15%
We Are Not Your Kind Critical Darling
13%
The End, So Far Medicine for the Dead
13%
We Are Not Your Kind Birth of the Cruel
10%
We Are Not Your Kind My Pain
10%
.5: The Gray Chapter The One That Kills the Least
10%
The End, So Far Warranty
10%
We Are Not Your Kind What's Next
10%
.5: The Gray Chapter Be Prepared for Hell
6%
We Are Not Your Kind Not Long for This World
5%
Slipknot Frail Limb Nursery
2%
Nie znaleziono quizów pasujących do podanych kryteriów
Rozkład punktacji
Procent ludzi z każdym wynikiem
Percentyl według liczby udzielonych odpowiedzi
Twoja historia wyników
Nie rozwiązałeś tego quizu